000 00587nam a2200217 a 4500
005 20140310183453.0
008 040916s19uu xx 00 eng d
050 _aT 385
_b.C932 2008
100 _aCrisostomo, Conchita C.
245 _aWindows presentation graphics /
_cConchita C. Crisostomo.
260 _a[Manila] :
_b3K-IT Educational Services,
_c2008.
300 _a132 p. :
_bill. ;
_c23 cm.
521 _aIT
650 _aComputer graphics.
942 _cBK
_2lcc
_kLOC
999 _c23519
_d23519